[Event "Pokal 2019/20"]
[Site "Turnierstufe"]
[Date "2020.02.06"]
[Round "1"]
[White "Schachakademie"]
[Black "Kishon Chesster"]
[Result "0-1"]
[BlackElo "1842"]
[WhiteElo "1936"]

1.d4 Nf6 { Buchende. } 2.Nc3 d5 3.e4 dxe4 { "Pech gehabt." } 4.f3 exf3 5.Nxf3
{ Buchende. } 5...Nc6 6.Bb5 e6 7.Bg5 Bd7 8.d5 Nb4 9.dxe6 fxe6 10.Bxf6 gxf6
11.Bxd7+ Qxd7 12.Qxd7+ Kxd7 13.Rd1+ Bd6 14.a3 Nc6 15.Ne4 Ke7 16.Nxd6 cxd6
17.g3 e5 18.Rf1 Ke6 19.c4 Rae8 20.Ke2 Rhg8 21.Rd2 Na5 22.Rc2 Nb3 23.Kd1 f5
24.Re2 Rg4 25.Re3 Nc5 26.Nd2 Ne4 27.b3 Nxd2 28.Kxd2 Reg8 29.Ref3 R4g5 30.Rd3
e4 31.Rd4 Rh5 32.Rf2 Rh6 33.Ke3 Re8 34.g4 Rh3+ 35.Ke2 fxg4 36.Rxe4+ Kd7
37.Rf7+ Kd8 38.Rxe8+ Kxe8 39.Rxb7 Rxh2+ 40.Ke3 h5 41.Kf4 Rh3 42.Rxa7 Rxb3
43.a4 Rb4 44.Kg5 Rxc4 45.Kxh5 g3 46.Rg7 Rxa4 47.Rxg3 d5 48.Kg6 Ke7 49.Kf5 Kd6
50.Rg6+ Kc5 51.Rf6 d4 52.Ke4 Ra3 53.Rf5+ Kc4 54.Rf7 Re3+ 55.Kf4 Rh3 56.Rc7+
Kb3 57.Rd7 Kc3 58.Rc7+ Kd2 59.Rb7 d3 60.Ra7 Ke2 61.Re7+ Kd1 62.Rc7 d2 63.Rc6
Rd3 { "Steig' aus Freundchen ..." } 64.Ke4 Ke2
{ "So bin ich, wenn ich mich wirklich konzentriere ..." } 65.Rc2 Rd7 66.Rb2
Rd6 { "Heiliger Strohsack. Gib'auf!" } 67.Ke5 Rd8 68.Ke4 Rd7 69.Rb1 d1=Q
70.Rxd1 Rxd1 71.Kf5 Ke3 72.Ke5 Kf3 73.Kf5 Re1 74.Kg5 Re5+ 75.Kh6 Kg4 76.Kg6
Rf5 77.Kh7 Rg5 78.Kh8 Kh5 79.Kh7 Rg4 { Mattankündigung. } 80.Kh8 Kg6 81.Kg8
Rf4 82.Kh8 Rf8# 0-1

[Event "Pokal 2019/20"]
[Site "Turnierstufe"]
[Date "2020.02.10"]
[Round "1"]
[White "Super Enterprise C"]
[Black "Berlin Pro"]
[Result "0-1"]
[BlackElo "2239"]
[WhiteElo "1612"]

1.d4 d5 2.c4 c6 3.cxd5 cxd5 4.Nf3 Nf6 5.Nc3 Nc6 6.Bf4 Bf5 7.e3 e6 8.Ne5
{ Buchende. } 8...Nd7 9.Nxc6 bxc6 { Buchende. } 10.Bd3 Bxd3 11.Qxd3 Bb4
12.O-O O-O 13.Rac1 c5 14.a3 c4 15.Qb1 Be7 16.Rfd1 Qb6 17.f3 a6 18.e4 dxe4
19.fxe4 Bf6 20.Be3 Ne5 21.Na4 Qb3 22.Nc3 Ng4 23.Bf4 Qb6 24.Ne2 e5 25.Rxc4
exf4 26.Nxf4 Ne3 27.Nd5 Nxd5 28.exd5 Rfd8 29.Rb4 Qd6 30.b3 Qxd5 31.Qc2 Rd6
32.Rc4 Rad8 33.Kh1 Qa5 34.Ra4 Rxd4 35.Raxd4 Rxd4 36.Ra1 Rd2 37.Qc6 Rd8 38.Rb1
Qxa3 39.Qc2 Qa5 40.Rf1 Qc3 41.Qa2 Qd3 42.Re1 Bc3 43.Rg1 a5 44.Qa4 Bb4 45.Qa2
g6 46.Qa4 Rc8 47.Qa2 Rc2 48.Qb1 Qe4 49.Qa1 Bc5 0-1

[Event "Pokal 2019/20"]
[Site "Turnierstufe"]
[Date "2020.02.11"]
[Round "1"]
[White "Super VIP"]
[Black "Genius Pro"]
[Result "0-1"]
[BlackElo "2302"]
[WhiteElo "1768"]

1.d4 d5 2.Nc3 { Buchende. } 2...c5 { Buchende. } 3.dxc5 e6 4.b4 a5 5.Ba3 axb4
6.Bxb4 b6 7.Nb5 bxc5 8.Bc3 d4 9.Bd2 Bb7 10.Nf3 Nf6 11.e3 Nc6 12.exd4 cxd4
13.Bc4 Bc5 14.O-O O-O 15.Re1 Na7 16.Rb1 Nxb5 17.Rxb5 Qe7 18.Nxd4 Ba6 19.Nxe6
Bxb5 20.Nxf8 Bxf2+ 21.Kxf2 Qc5+ 22.Be3 Qxc4 23.Nxh7 Nxh7 24.a3 Rxa3 25.Qd8+
Nf8 26.Qd2 Rc3 27.Rc1 Ne6 28.h3 Bc6 29.g3 Nc5 30.Qd8+ Kh7 31.Qh4+ Qxh4
32.gxh4 Ne4+ 33.Ke2 Ba4 34.h5 Bb5+ 35.Kf3 Nf6 36.Kf2 Nxh5 37.h4 Rc4 38.Rd1
Rxh4 39.Rd2 Nf6 40.Kg3 Rc4 41.Rh2+ Kg6 42.Bg1 Rg4+ 43.Kf2 Kf5 44.Rh1 Rf4+
45.Ke3 Rf1 46.c4 Bc6 47.Rh8 Rxg1 0-1

[Event "Pokal 2019/20"]
[Site "Turnierstufe"]
[Date "2020.02.12"]
[Round "1"]
[White "Master Chess"]
[Black "Vancouver 68000"]
[Result "0-1"]
[BlackElo "2233"]
[WhiteElo "2125"]

1.e4 e5 2.Nf3 Nf6 3.Nxe5 d6 4.Nf3 Nxe4 5.d4 d5 6.Bd3 Bd6 7.O-O O-O 8.c4
{ Buchende. } 8...c6 9.Nc3 Nxc3 10.bxc3 dxc4 11.Bxc4 Bg4 { Buchende. } 12.Re1
Qf6 13.Be2 Nd7 14.Rb1 b6 15.Qc2 Qf5 16.Qxf5 Bxf5 17.Rb2 Rfe8 18.Be3 Nf6
19.Ba6 Re7 20.Rbe2 Rae8 21.Bg5 Rxe2 22.Bxe2 Nd5 23.Bd2 Re7 24.h3 h6 25.Nh4
Bb1 26.Kf1 Bf4 27.Bxf4 Nxf4 28.Rxb1 Rxe2 29.Nf5 g6 30.Nxh6+ Kg7 31.Nxf7 $2
Kxf7 32.g3 Nd5 33.c4 Nc3 34.Rb3 Rc2 35.a3 Ne4 36.Rf3+ Kg8 37.Rf4 Nd2+ 38.Ke1
Nxc4 39.Rf6 Kg7 40.Rxc6 Nxa3 41.d5 Rxc6 42.dxc6 Nb5 43.Kd2 Kf6 44.h4 Ke5
45.g4 Kd6 46.h5 gxh5 47.gxh5 Kxc6 48.h6 Nd6 49.h7 Nf7 0-1

[Event "Pokal 2019/20"]
[Site "Turnierstufe"]
[Date "2020.02.13"]
[Round "1"]
[White "Mach III 20 MHz"]
[Black "Academy"]
[Result "1-0"]
[BlackElo "1975"]
[WhiteElo "2034"]

1.d4 Nf6 2.c4 e6 3.Nc3 Bb4 4.e3 c5 5.Bd3 Nc6 6.Nf3 Bxc3+ 7.bxc3 d6
{ Buchende. } 8.O-O e5 9.Ng5 { Buchende. } 9...Ng4 10.f4 h6 11.Nf3 f5
{ Dem Schwarzen geht schon Material verloren. } 12.h3 e4 13.hxg4 exd3 14.Qxd3
fxg4 15.Qg6+ Kf8 16.Nd2 Ne7 17.Qd3 Nc6 18.f5 Qh4 19.dxc5 dxc5 20.Qd5 g3
21.Nf3 Qf6 22.e4 Qxc3 23.Bf4 Ke8 24.Bxg3 Bd7 25.Bh4 Rf8 26.Rac1 Qe3+ 27.Bf2
Qf4 28.Bxc5 Rf7 29.Rce1 Qc7 30.Rb1 a5 31.Bd6 Qc8 32.Ne5 Nxe5 33.Qxe5+
{ Hiarcs: Matt in 12. } 33...Kd8 34.Qd5 Be8 35.Bg3+ Rd7 36.Bh4+ Kc7 37.Qe5+
Rd6 38.Be7 Qd7 39.Bxd6+ Kc8 40.Rfd1 Bh5 41.Rd5 Ra6 { und aufgegeben. } 1-0

[Event "Pokal 2019/20"]
[Site "Turnierstufe"]
[Date "2020.02.17"]
[Round "1"]
[White "Designer 2100 Display"]
[Black "Super Constellation"]
[Result "1-0"]
[BlackElo "1824"]
[WhiteElo "1916"]

1.d4 e6 2.c4 Nf6 3.Nc3 c5 4.d5 exd5 5.cxd5 d6 6.e4 g6 7.Nf3 Bg7 8.Be2 O-O
9.O-O Re8 { Buchende. } 10.Nd2 a6 11.a4 Nbd7 12.Qc2 { Buchende. } 12...b6
13.Nc4 Ne5 14.Nxe5 Rxe5 15.f4 Re8 16.f5 gxf5 17.exf5 Bb7 18.Bg5 h6 19.Bh4 Re5
20.Bg3 Nxd5 $5 21.Bxe5 Ne3 22.Qd3 Bxe5 23.Bf3 Nxf1 24.Bxb7 Nxh2 $2 25.Bxa8
Qxa8 26.Qh3 Nf3+ 27.gxf3 Bf4 28.f6 Kh7 29.Re1 Qg8+ 30.Kh1 Qg6 31.Ne4 Bg5
32.Rg1 Kg8 33.Rg3 b5 34.Qc8+ Kh7 { und Aufgabe. } 1-0

[Event "Pokal 2019/20"]
[Site "Turnierstufe"]
[Date "2020.02.18"]
[Round "1"]
[White "Explorer Pro"]
[Black "Polgar"]
[Result "0-1"]
[BlackElo "1993"]
[WhiteElo "2036"]

1.c4 e5 2.Nc3 Nf6 3.Nf3 Nc6 4.e3 Bb4 5.Qc2 { Buchende. } 5...Bxc3
{ Buchende. } 6.dxc3 $2 d6 7.c5 dxc5 8.Bb5 Bd7 9.e4 a6 10.Bc4 b5 11.Bd5 Nxd5
12.exd5 Ne7 13.Nxe5 Bf5 14.Qd2 Qxd5 15.Qxd5 Nxd5 16.Bd2 f6 17.Nf3 Kf7
18.O-O-O Rhe8 19.Rhe1 Bg4 20.h3 Bxf3 21.gxf3 Rxe1 22.Rxe1 c4 23.Be3 Re8
24.Kd2 a5 25.a4 bxa4 26.Ra1 Rd8 27.Kc2 Nb6 28.Bf4 Rd7 29.Bg3 h5 30.Re1 g5
31.f4 h4 32.Bh2 Rd3 33.fxg5 Rxh3 34.Bxc7 Nd5 35.gxf6 Nxc7 36.Re7+ Kxf6
37.Rxc7 Rf3 38.Rc8 Rxf2+ 39.Kb1 Kg5 40.Rh8 Rf1+ 41.Ka2 Kg4 42.Rxh4+ $4 Kxh4
0-1

[Event "Pokal 2019/20"]
[Site "Turnierstufe"]
[Date "2020.02.20"]
[Round "1"]
[White "Modena"]
[Black "Risc 2500, 2MB"]
[Result "0-1"]
[BlackElo "2240"]
[WhiteElo "1974"]

1.d4 d5 2.c4 dxc4 3.Nf3 Nf6 4.e3 e6 5.Bxc4 c5 6.O-O a6 7.Qe2 b5 8.Bb3 Bb7
9.Rd1 Nbd7 10.Nc3 Qb8 11.d5 { Buchende. } 11...c4 12.dxe6 fxe6 13.Bc2 Bd6
14.e4 O-O 15.Bg5 Ne5 { Buchende } 16.Nd4 b4 17.Na4 Nd3 18.Bxf6 Bxh2+ 19.Kh1
Rxf6 20.Bxd3 cxd3 21.Qxd3 Rh6 22.Nf3 Qc7 23.Re1 Bc6 24.Qc2 Rf8 25.Qd1 Rxf3
26.gxf3 Bg1+ { Mattankündigung. } 27.Kxg1 Qh2+ 28.Kf1 Bb5+ 29.Qd3 Bxd3+
30.Re2 Qh1# 0-1

[Event "Pokal 2019/20"]
[Site "Turnierstufe"]
[Date "2020.03.02"]
[Round "1"]
[White "Designer 2325"]
[Black "R 30, V. 2.5"]
[Result "0-1"]
[BlackElo "2385"]
[WhiteElo "2122"]

1.e4 c6 2.d4 d5 3.Nc3 dxe4 4.Nxe4 Bf5 5.Ng3 Bg6 6.h4 h6 7.Nf3 Nd7 8.h5 Bh7
9.Bd3 Bxd3 10.Qxd3 Qc7 11.Bd2 { Buchende. } 11...Ngf6 12.O-O-O e6
{ Buchende. } 13.Kb1 Bd6 14.Ne4 Nxe4 15.Qxe4 Nf6 16.Qh4 O-O-O 17.Rhe1 b5
18.Ne5 c5 19.c3 Nd5 20.Qe4 c4 21.Qf3 Rhf8 22.Qg4 Kb8 23.Qxg7 Rg8 24.Qxh6 Rh8
25.Qg7 Rhg8 26.Qxf7 Bxe5 27.Qxe6 Bf4 28.Bxf4 Qxf4 29.Qc6 Rxg2 30.Qxb5+ Nb6
31.Re7 Qxf2 32.Rde1 Qc2+ 33.Ka1 Rd2 34.a3 Qb3 35.Qxb3 cxb3 36.R7e2 Rxe2
37.Rxe2 Rg8 38.Re1 Rg2 39.Rh1 Nc4 40.Rb1 Nxa3 $3 41.Rf1 Nc2+ 42.Kb1 Ne3
43.Re1 Nc4 44.Ka1 Rxb2 { Mattankündigung. } 45.Re8+ Kc7 46.Re7+ Kc6 47.d5+
Kb6 48.Re6+ Kb5 49.Re7 Ra2+ 50.Kb1 Na3+ 51.Kc1 b2+ 52.Kd2 b1=Q+ 53.Ke3 Qg1+
54.Kf4 Rf2+ 55.Ke5 Nc4+ 56.Kd4 Rf3+ 57.Ke4 Qe3# 0-1

[Event "Pokal 2019/20"]
[Site "Turnierstufe"]
[Date "2020.03.03"]
[Round "1"]
[White "Travel Champion 2100"]
[Black "Super Forte C6"]
[Result "1-0"]
[BlackElo "2000"]
[WhiteElo "2027"]

1.d4 g6 2.c4 Nf6 3.Nf3 Bg7 4.g3 O-O 5.Bg2 c5 { Buchende. } 6.Nc3 cxd4 7.Nxd4
Nc6 8.O-O { Buchende. } 8...Ng4 9.e3 Nge5 10.b3 d6 11.f4 Nxd4 12.exd4 Bg4
13.Qd2 Nc6 14.d5 Qb6+ 15.Kh1 Nd4 16.Na4 Qc7 17.Bb2 Nf5 18.Bxg7 Nxg7 19.Rae1
Rfc8 20.Nc3 Qd7 21.Re4 Bh3 22.Bxh3 Qxh3 23.Qd3 Nf5 24.Rfe1 Rc7 25.Nb5 Rd7
26.a3 a6 27.Nd4 Nxd4 28.Qxd4 Re8 29.a4 Rc7 30.a5 Rd7 31.b4 Rc8 32.Qd3 Rdc7
33.Qe2 Qf5 34.Rxe7 Rxc4 35.Qd2 R8c7 36.Rxc7 Rxc7 37.Re8+ Kg7 38.Re2 Qh3
39.Kg1 Qf5 40.Qd4+ f6 41.Kf2 Rc2 42.Rd2 g5 43.Ke3 $2 gxf4+ 44.gxf4 Qh3+
45.Ke4 Rc7 46.Qd3 f5+ 47.Kd4 Qh5 48.Rg2+ Kh8 49.Qe2 Qf7 50.Qe6 Qf8 51.Rg5 Rc2
52.h4 Rf2 53.Ke3 Rb2 54.Rxf5 Rb3+ 55.Kd2 Qd8 56.Rf7 Rb2+ 57.Kc3 Rf2 58.Qf5
Rf3+ { und Aufgabe. } 1-0

[Event "Pokal 2019/20"]
[Site "Turnierstufe"]
[Date "2020.03.05"]
[Round "1"]
[White "MM V"]
[Black "Milano"]
[Result "1/2-1/2"]
[BlackElo "2032"]
[WhiteElo "1978"]

1.c4 e5 2.Nc3 Nf6 3.Nf3 Nc6 4.g3 Bb4 5.Bg2 O-O 6.O-O e4 7.Ne1 Bxc3 8.dxc3 h6
9.Nc2 b6 10.Ne3 Bb7 11.Nd5 { Buchende. } 11...Ne5 { Buchende. } 12.Qd4 d6
13.b3 c5 14.Qd2 Re8 15.Qc2 Ng6 16.Nf4 a6 17.Rd1 Ne7 18.e3 Qc7 19.Bb2 Rad8
20.a3 Bc6 21.a4 Nf5 22.Rd2 d5 23.cxd5 Nxd5 24.Nxd5 Rxd5 25.Rxd5 Bxd5 26.c4
Bc6 27.a5 bxa5 28.Bh3 Bd7 29.Qc3 f6 30.Qxa5 Qxa5 31.Rxa5 Rb8 32.Ra3 Rb6 33.f3
Be6 34.fxe4 Nxe3 35.Bxe6+ Rxe6 36.Ra5 Rb6 37.Rxc5 Rxb3 38.Bd4 Kf7 39.e5 Rb1+
40.Kf2 Ng4+ 41.Ke2 fxe5 42.Bxe5 Nxe5 43.Rxe5 Rb2+ 44.Kd1 Rxh2 45.c5 Kf6 46.c6
Rh1+ 47.Kc2 Rh2+ 48.Kb3 Rh1 49.Rc5 Rb1+ 50.Ka4 Ra1+ 51.Kb4 Rb1+ 52.Ka5 Ra1+
53.Kb6 Rb1+ 54.Ka7 Re1 55.c7 Re8 56.Kxa6 g5 57.c8=Q Rxc8 58.Rxc8 Kf5 59.Kb5
Kg4 60.Rc3 $2 ( 60.Rh8 Kxg3 61.Rxh6 Kg4 62.Kc4 Kf4 63.Rg6 Kf5 64.Rg7 Kf4
65.Kd4 ) 60...h5 61.Rc5 h4 62.gxh4 gxh4 63.Rc3 h3 64.Rc1 Kg3 65.Rg1+ Kf2
66.Rh1 Kg2 67.Rxh3 Kxh3 1/2-1/2

[Event "Pokal 2019/20"]
[Site "Turnierstufe"]
[Date "2020.03.09"]
[Round "1"]
[White "Milano"]
[Black "MM V"]
[Result "1-0"]
[BlackElo "1980"]
[WhiteElo "2030"]

1.e4 e5 2.Nc3 Nf6 3.g3 Bc5 4.Bg2 O-O { Buchende. } 5.Nf3 Nc6 6.d3
{ Buchende. } 6...Ng4 7.O-O a5 8.Bg5 f6 9.Bd2 d6 10.h3 Nh6 11.Bxh6 gxh6
12.Qd2 Kg7 13.Na4 Ba7 14.Nh4 Ne7 15.Nc3 Be6 16.Nd5 Bxd5 17.exd5 f5 18.c3 f4
19.Kh1 Kh8 20.Rae1 Bb6 21.d4 exd4 22.cxd4 Ng6 23.Nxg6+ hxg6 24.Re4 Qg5 25.h4
Qg4 26.Rfe1 a4 27.Qc1 Kg8 28.Re7 Bxd4 29.R1e6 Be5 $2 30.Rxe5 $1 dxe5 31.Qxc7
Qd1+ 32.Kh2 fxg3+ 33.fxg3 { Mattankündigung. } 33...Qh1+ 34.Kxh1 Rf1+ 35.Bxf1
Rf8 36.Qxe5 b6 37.Qg7# 1-0

[Event "Pokal 2019/20"]
[Site "Turnierstufe"]
[Date "2020.03.16"]
[Round "Achtelfinale"]
[White "Polgar"]
[Black "Travel Champion 2100"]
[Result "1-0"]
[BlackElo "2036"]
[WhiteElo "2002"]

1.e4 e6 2.d4 d5 3.Nd2 dxe4 4.Nxe4 { Buchende. } 4...Nd7 { Buchende. } 5.Bb5
c6 6.Bd3 Ngf6 7.Nf3 Nxe4 8.Bxe4 Nf6 9.Bd3 Bd6 10.O-O c5 11.dxc5 Bxc5 12.Ne5
O-O 13.Bg5 h6 14.Be3 Bxe3 15.fxe3 Qc7 16.Ng4 Nxg4 17.Qxg4 Bd7 18.Rad1 Bc6
19.b4 Qb6 20.Qd4 Rfd8 21.Qxb6 axb6 22.b5 Bd7 23.Bc4 Be8 24.Rxd8 Rxd8 25.Bd3
Ra8 26.Ra1 e5 27.a4 f5 28.Bxf5 Bxb5 29.Be6+ Kf8 30.Bb3 Ke7 31.Kf2 Bc6 32.Kg3
b5 33.a5 Be4 34.Ra2 Ra6 35.Kf2 Rf6+ 36.Kg1 Rd6 37.c3 Rc6 38.Bd1 Rxc3 39.Kf2
Bd3 40.Be2 e4 41.Rb2 Rc5 42.Bxd3 exd3 43.Ke1 Rg5 44.g4 Rxg4 45.Rxb5 Rg2
46.Rxb7+ Kd6 47.Rb3 Rxh2 48.Rxd3+ Kc5 49.Rd2 $4 Rxd2 50.Kxd2 h5 $4
{ Richtig: 50....Kb5. } 51.e4 h4 52.Ke3 h3 53.Kf2 g5 54.e5 g4 55.Kg1 g3 56.a6
{ (+4.86) } 1-0

[Event "Pokal 2019/20"]
[Site "Turnierstufe"]
[Date "2020.03.17"]
[Round "Achtelfinale"]
[White "Risc 2500 2MB"]
[Black "Star Diamond"]
[Result "1-0"]
[BlackElo "2143"]
[WhiteElo "2244"]

1.d4 d5 2.c4 dxc4 3.Nf3 Nf6 4.e3 Bg4 5.Bxc4 e6 6.h3 Bh5 7.Nc3 Nbd7 8.O-O Bd6
9.e4 e5 10.Be2 O-O 11.dxe5 Nxe5 12.Nd4 Bxe2 { Buchende. } 13.Qxe2
{ Buchende. } 13...Bc5 14.Nb3 Bb4 15.Bg5 Bxc3 16.bxc3 Qd6 17.Rad1 Qc6 18.Bxf6
Qxf6 19.f4 Qb6+ 20.Nd4 Nc6 21.Qd3 a6 22.Rb1 Qa7 23.Kh1 Ne7 24.f5 c5 25.f6
cxd4 26.fxe7 Rfe8 27.cxd4 b5 28.e5 Qxe7 29.Rfe1 Rad8 30.Rbd1 Rd5 31.Re4 Red8
32.Qc2 f6 33.e6 f5 34.Re2 Rxd4 35.Rxd4 Rxd4 36.Qxf5 h6 37.Kh2 Qd6+ 38.g3 Qe7
39.Qc2 Rc4 40.Qd3 Rc7 41.Qd5 Kh7 42.Qa8 Rc1 43.h4 Rd1 44.Qxa6 b4 45.Qc4 Kg8
46.Re4 g5 47.Qxb4 Qa7 48.Qc4 Qf2+ 49.Kh3 Qf3 $2 { Das war's. } 50.e7+
{ (+7.68) } 50...Kh7 { (-5.84) } 51.Qg8+ Kxg8 52.e8=Q+ Qf8 53.Qg6+ Kh8 54.Re8
Qxe8 55.Qxe8+ Kg7 56.h5 Kf6 57.Qf8+ Ke5 58.Qxh6 1-0

[Event "Pokal 2019/20"]
[Site "Turnierstufe"]
[Date "2020.03.19"]
[Round "Achtelfinale"]
[White "Sapphire II"]
[Black "Star Sapphire"]
[Result "0-1"]
[BlackElo "2151"]
[WhiteElo "2148"]

1.c4 c5 2.Nc3 Nc6 3.g3 g6 4.Bg2 Bg7 5.Nf3 e5 6.O-O Nge7 7.d3 O-O 8.a3 d6
9.Rb1 a5 10.Bd2 Rb8 11.Ne1 Be6 12.Nc2 { Buchende. } 12...d5 { Buchende. }
13.cxd5 Nxd5 14.Qe1 b6 15.Ne3 Nde7 16.f4 f5 17.fxe5 Bxe5 18.b3 Qd7 19.Nb5 Nd4
20.Nxd4 Bxd4 21.Qc1 Bd5 22.Bc3 Bxg2 23.Kxg2 Nc6 24.Bxd4 Nxd4 25.Qc4+ Kh8
26.Rb2 Qe8 27.Nd5 Nxe2 28.Rf3 Nd4 29.Rf4 Qe5 30.Nc3 b5 31.Qd5 Qxd5+ 32.Nxd5
Rfd8 33.Nc3 b4 34.axb4 Rxb4 35.Na4 Rxb3 36.Ra2 Ne6 37.Rff2 Rbxd3 38.Nb6 Rd1
39.Rxa5 R8d4 40.Ra7 c4 41.Ra8+ Kg7 42.Rc8 Rc1 43.Re2 Ng5 44.Rc7+ Kh6 45.h4
Ne4 46.Nd7 c3 47.Nf8 Nf6 48.Ne6 Rdd1 49.g4 Rg1+ 50.Kh2 Nxg4+ 51.Kh3 Rh1+
52.Kg3 Rcg1+ 53.Kf4 Rf1+ 54.Kg3 Rhg1+ 55.Rg2 Rxg2+ 56.Kxg2 Ne3+ 57.Kh2 c2
58.Ng5 { und Aufgabe. } 0-1

[Event "Pokal 2019/20"]
[Site "Turnierstufe"]
[Date "2020.03.23"]
[Round "Achtelfinale"]
[White "Ruby"]
[Black "Milano"]
[Result "1-0"]
[BlackElo "2041"]
[WhiteElo "1939"]

1.Nf3 d5 2.c4 c6 3.d4 Nf6 4.Nc3 dxc4 5.a4 Bf5 6.e3 e6 7.Bxc4 Bb4 8.O-O O-O
9.Qe2 Nbd7 10.e4 Bg6 { Buchende. } 11.e5 Nd5 12.Bd2 { Buchende. } 12...Qa5
13.Nxd5 exd5 14.Bxb4 Qxb4 15.Bd3 c5 16.Bxg6 hxg6 17.e6 Nf6 18.dxc5 Qxc5
19.Ng5 Rae8 20.Nxf7 Qe7 21.Ng5 Ne4 22.Nxe4 Qxe6 23.Qe3 Qxe4 24.Qxa7 Qb4
25.Rad1 Rf5 26.b3 Rfe5 27.f4 Rf5 28.g3 Re2 29.Rf3 Rh5 30.h4 Rb2 31.Qe3 Kh7
32.Qc3 Qe4 33.Rf2 Rb1 34.Rxb1 Qxb1+ 35.Kg2 d4 36.Qxd4 Qxb3 37.Rb2 Qe6 38.Rc2
Rd5 39.Qc4 Qd7 40.Re2 Rd1 41.Kf2 Qh3 42.Re8 Qh2+ 43.Kf3 Rd5 44.Re2 Qh1+
45.Kg4 Qd1 46.Qc2 Qf1 47.Re7 b5 48.axb5 Rxb5 49.Re5 Rxe5 50.fxe5 Qb5 51.Qe4
Qe8 52.e6 Kh8 53.e7 Qd7+ 54.Kg5 Qe8 55.g4 Kh7 56.h5 Qb5+ 57.Kh4 Qe8 58.hxg6+
Qxg6 59.e8=Q Qxe4 60.Qxe4+ Kg8 61.Qe8+ Kh7 62.Kg5 { Mattankündigung. }
62...g6 63.Qf7+ Kh8 64.Kf6 g5 65.Qg7# 1-0

[Event "Pokal 2019/20"]
[Site "Turnierstufe"]
[Date "2020.03.24"]
[Round "Achtelfinale"]
[White "R 30, V. 2.5"]
[Black "Kishon Chesster"]
[Result "1/2-1/2"]
[BlackElo "1855"]
[WhiteElo "2385"]

1.Nf3 d5 2.d4 Nf6 3.c4 c6 4.Nc3 dxc4 5.a4 Bf5 6.e3 e6 7.Bxc4 Bb4 8.O-O O-O
9.Qe2 Nbd7 10.e4 Bg6 11.Bd3 { Buchende. } 11...Bh5 12.e5 Nd5 { Buchende. }
13.Bd2 Bg6 14.Bxg6 fxg6 { Vereinzelt den rückständigen e-Bauern. } 15.Ng5 Nc7
16.f4 h6 17.Nge4 Qe7 18.a5 Qf7 19.Ra4 Be7 20.Re1 Nd5 21.Nxd5 cxd5 22.Qb5 Nxe5
23.dxe5 dxe4 24.Be3 Bh4 25.g3 a6 26.Qb4 Bd8 27.Rc1 g5 28.Qxe4 gxf4 29.gxf4
Rb8 30.Qg2 Qd7 31.Rd4 Qe7 32.Bd2 Rf7 33.Bb4 Qh4 34.Be1 Qh5 35.Rc3 b6 36.Qc2
Qf5 37.Qxf5 Rxf5 38.Rcd3 Be7 39.Bb4 Bc5 40.Bxc5 bxc5 41.Rd8+ Rf8 42.Rxb8 Rxb8
{ Bis hierher war die Plaudertasche konzentriert schweigsam, nun sagt er:
"Hör' mal, du beginnst gefährlich zu werden". Wie kommt er darauf? } 43.Rd6
Kf7 { Und dann: "Ich bin dir eine Nasenlänge voraus". } 44.Rxa6 Rxb2 45.Rc6
Rc2 46.a6 Ra2 47.Kf1 Ke7 48.Ke1 g5 49.fxg5 hxg5 50.h3 Kd7 51.Rd6+ Ke7 52.Rb6
Kd7 53.Kd1 Ra3 54.Rd6+ Ke7 55.Kc2 Rxh3 56.Rc6 Ra3 57.Rb6 Kf7 58.Kb2 Ra5
59.Kc3 g4 60.Kc4 g3 61.Rb3 Rxa6 62.Rxg3 Ra5 63.Rb3 Ke8 64.Rb7 Kd8 65.Rb5 Ra1
66.Rxc5 Kd7 67.Kd4 Ra4+ 68.Ke3 Rh4 69.Rc2 Ke8 70.Rc7 Rh1 71.Rc6 Re1+ 72.Kf4
Rf1+ 73.Kg4 Kf7 { und hier habe ich das Spiel beendet. } 1/2-1/2

[Event "Pokal 2019/20"]
[Site "Turnierstufe"]
[Date "2020.03.30"]
[Round "Achtelfinale"]
[White "Kishon Chesster"]
[Black "R 30, V. 2.5"]
[Result "0-1"]
[BlackElo "2381"]
[WhiteElo "1863"]

1.e4 c5 2.Nf3 Nc6 3.d4 cxd4 4.Nxd4 g6 5.c4 Nf6 6.Nc3 { Buchende. } 6...d6
{ Buchende. } 7.Nxc6 bxc6 8.Be3 Ng4 9.Bxa7 $2 c5 { Der Läufer ist gefangen. }
( 9...Rxa7 10.Qd4 Ra8 11.Qxh8 { ... } ) 10.Qa4+ Bd7 11.Qa3 Bg7 12.Be2 Qc8
13.Bxg4 Bxg4 14.h3 { "Eine Falle,was?" } 14...Bd7
{ "Ouuuooo, nicht gerade angenehm." } 15.f3 Qb7 16.O-O Rxa7 17.Qb3 Bd4+
18.Kh1 Qxb3 19.axb3 Rxa1 20.Rxa1 e6 21.Rd1
{ "Ich bin gespannt, was du jetzt machst. So bin ich, wenn ich mich
wirklich konzentriere." } 21...Ke7 22.b4 cxb4 23.Rxd4 bxc3 24.bxc3 e5 25.Rd5
Rc8 { und abgebrochen. } 0-1

[Event "Pokal 2019/20"]
[Site "Turnierstufe"]
[Date "2020.03.30"]
[Round "Achtelfinale"]
[White "Designer 2100 Display"]
[Black "Mach III 20 MHz"]
[Result "0-1"]
[BlackElo "2042"]
[WhiteElo "1923"]

1.d4 Nf6 2.c4 g6 3.Nc3 Bg7 4.e4 d6 5.Nf3 O-O 6.Be2 e5 7.O-O Nc6 8.d5 Ne7
9.Ne1 Nd7 10.f3 f5 11.Nd3 f4 12.Bd2 Nf6 13.c5 g5 14.Rc1 Ng6 15.cxd6 cxd6
16.Nb5 Rf7 17.Qc2 Ne8 18.a4 h5 19.Nf2 Bf8 20.h3 { Buchende. } 20...Rg7
{ Buchende. } 21.Bd3 Nh4 22.Nxa7 Bxh3 23.Nxh3 Qb6+ 24.Rf2 Qxa7 25.Bb5 $2 g4
26.fxg4 hxg4 27.Kf1 gxh3 28.gxh3 Nf3 29.Qd3 Rg3 30.Qxf3 Rxf3 31.Rxf3 Qd4
32.Bd3 Qxb2 33.Ke2 Rxa4 34.Rg1+ Bg7 35.Rb1 Qd4 36.Rxb7 Nf6 37.Bc2 Nxe4
38.Bxa4 Qxd2+ 39.Kf1 Ng3+ 40.Rxg3 fxg3 41.Rb8+ Kh7 { Mattankündigung. }
42.Rb2 Qxb2 43.Ke1 g2 44.Bb5 g1=Q+ 45.Bf1 Qbf2+ 46.Kd1 Qgxf1# 0-1

[Event "Pokal 2019/20"]
[Site "Turnierstufe"]
[Date "2020.03.31"]
[Round "Achtelfinale"]
[White "Genius Pro"]
[Black "Berlin Pro"]
[Result "1/2-1/2"]
[BlackElo "2241"]
[WhiteElo "2304"]

1.d4 d5 2.c4 dxc4 3.e4 Nf6 4.e5 Nd5 5.Bxc4 Nb6 6.Bd3 Nc6 7.Ne2 Bg4
{ Buchende. } 8.Be3 { Buchende. } 8...e6 9.O-O Nb4 10.Be4 N6d5 11.Bd2 a6
12.f3 Bf5 13.Qb3 a5 14.Nbc3 Bxe4 15.fxe4 Nb6 16.Na4 Nxa4 17.Qxa4+ Nc6 18.Rac1
Ra6 19.Qc4 Rb6 20.Rc2 Be7 21.Bc3 Bb4 22.Ng3 O-O 23.a3 Bxc3 24.bxc3 Qe7 25.Ra2
Qg5 26.Raf2 h5 27.d5 h4 28.Ne2 exd5 29.exd5 Nxe5 30.Qxc7 Qe3 31.Nd4 Rb2
32.Nf5 Nf3+ 33.gxf3 Qg5+ 34.Ng3 Rxf2 35.Rxf2 hxg3 36.hxg3 Qxd5 37.c4 Qd3
38.Qxa5 Qxc4 39.Kg2 Re8 40.Qb6 Qd3 41.a4 Re7 42.Qb4 Qd7 43.Rd2 Qc7 44.Qb3 Re5
45.Qc2 Rc5 46.Qd3 Rc1 47.Qd8+ Kh7 48.Qg5 g6 49.Qh4+ Kg7 50.Qd4+ Kh7 51.Qd5
Kg7 52.Qa2 Qc6 53.Qb2+ f6 54.Qd4 Rc2 55.a5 Kf7 56.Qd3 Rxd2+ 57.Qxd2 f5 58.Qd3
Kf6 59.Qd8+ Kf7 60.Qd3 Ke7 61.Qd4 Kf7 62.Qe5 Qd7 63.f4 Qc6+ 64.Kf2 Qc2+
65.Kf3 Qd3+ 66.Kf2 Qc2+ 67.Ke1 Qb1+ 68.Ke2 Qc2+ 69.Kf1 Qd3+ 70.Kg2 Qc2+
71.Kf1 Qd1+ 72.Kf2 ( 72.Qe1 Qxe1+ 73.Kxe1 Ke6 { und Schwarz gewinnt. } )
72...Qc2+ { Remis 3x } 1/2-1/2

[Event "Pokal 2019/20"]
[Site "Turnierstufe"]
[Date "2020.04.01"]
[Round "Achtelfinale"]
[White "Berlin Pro"]
[Black "Genius Pro"]
[Result "1-0"]
[BlackElo "2302"]
[WhiteElo "2243"]

1.d4 Nf6 2.c4 e6 3.Nc3 Bb4 4.Qc2 c5 5.dxc5 O-O 6.a3 Bxc5 7.Nf3 b6 8.Bg5 Bb7
{ Buchende. } 9.e4 h6 10.Bh4 { Buchende. } 10...Be7 11.Be2 d6 12.O-O Nbd7
13.Rfd1 Qc7 14.Bg3 Ne8 15.Rd2 a6 16.Rad1 Rd8 17.b4 Ndf6 18.h3 Nd7 19.a4 Rc8
20.Qb3 Ndf6 21.e5 dxe5 22.Bxe5 Qc6 23.Ne1 Ra8 24.c5 bxc5 25.bxc5 Qc8 26.Bd6
Bxd6 27.cxd6 Rb8 28.Qc2 Nd7 29.Bf3 Bxf3 30.Nxf3 Qc4 31.Ne4 Rb4 32.Qxc4 Rxc4
33.Rd4 Rc2 34.Rb4 Nef6 35.Nxf6+ Nxf6 36.Rb6 Ra8 37.Ne5 Rc5 38.Nc6 Nd5 39.Rb8+
Rxb8 40.Nxb8 Rc8 41.Nxa6 Rd8 42.a5 Rxd6 43.Nb8 Rd8 44.Rb1 Nc3 45.Nc6 Nxb1
46.Nxd8 Nc3 47.a6 Nb5 48.Nc6 Nc7 49.a7 Na8 50.g4 f6 51.Nd4 Kf7 52.Ne2 g6
53.Kg2 e5 54.Nc3 Ke6 55.Kf3 f5 56.gxf5+ Kxf5 57.h4 h5 58.Nb1 g5 59.hxg5 Kxg5
60.Ke4 h4 61.Nd2 Kg4 62.Nf3 Nc7 63.Nxe5+ Kh5 64.Kf4 Nd5+ 65.Kf3 Nc7 66.Nc4
Na8 67.Kf4 h3 68.Kg3 Kg5 69.Ne3 Kf6 70.f4 Ke6 71.Kxh3 Kd6 72.f5 Nc7 73.f6 Ke6
74.Kg4 Kxf6 75.Nd5+ Nxd5 76.a8=Q Ke5 77.Qa1+ Ke4 78.Qa4+ Ke5 79.Kf3 Kd6
80.Qd4 Ke6 81.Qg7 Kf5 82.Qf7+ Ke5 83.Qh5+ Kd4 84.Qh8+ Kc4 85.Qh4+ Kc5 86.Ke4
Nb4 87.Qe7+ Kb5 88.Qg5+ Kc4 89.Qe5 Kb3 90.Qd4 Nc2 91.Qd3+ Kb2 92.Qc4 Ne1
93.Qb4+ { Mattankündigung. } 93...Ka2 94.Qxe1 Kb2 95.Kd3 Kb3 96.Qb1+ Ka4
97.Kc4 Ka5 98.Qb5# 1-0